Sports Quiz

Random Sports or NFL Quiz

3 NFL Championship LOSSES in 10 Years Quiz Stats

 Plays Quiz Updated Aug 9, 2019

Score 0/14 Timer 03:00
165 Plays Today
Years Team % Correct
1990-1993 (4)Buffalo Bills
94.5%
1966-1970 (3)Dallas Cowboys
89.1%
1970-1978 (3)Dallas Cowboys
89.1%
1934-1942 (3)Chicago Bears
87.4%
1933-1941 (4)New York Giants
86.5%
1935-1944 (4)New York Giants
86.5%
1939-1946 (4)New York Giants
86.5%
Years Team % Correct
1958-1963 (5)New York Giants
86.5%
1969-1976 (4)Minnesota Vikings
84.1%
1951-1957 (4)Cleveland Browns
83.4%
1965-1969 (3)Cleveland Browns
83.3%
1986-1989 (3)Denver Broncos
79.9%
1936-1945 (4)Boston/Washington Redskins
73.2%
1949-1955 (3)Los Angeles Rams
68.5%

You're not logged in!

Compare scores with friends on all Sporcle quizzes.
OR
Log In

Sporcle TV

Today on Sporcle TV


Watch our educational content, quiz creation guides, and fun videos on Sporcle TV.

Show Comments

Extras

Top Quizzes Today


Score Distribution

Your Account Isn't Verified!

In order to create a playlist on Sporcle, you need to verify the email address you used during registration. Go to your Sporcle Settings to finish the process.

Report this User

Report this user for behavior that violates our Community Guidelines.

Details: